000 00302nam a22001337a 4500
008 170615b xxu||||| |||| 00| 0 eng d
020 _a9780821350485
041 _aeng
080 _a32
100 _a19
101 _aSHP
245 _aGLOBALIZATION GROWTH AND POVERTY
_cGALLER.P
942 _2udc
_cBK
999 _c17615
_d17615